[Event "Regionalliga Mittelrhein 1213"]
[Site "Germany"]
[Date "2013.01.13"]
[Round "6.6"]
[White "Lommen, Frank"]
[Black "Leontiev, Oleg"]
[Result "1-0"]
[WhiteElo "2010"]
[BlackElo "1927"]
[PlyCount "77"]
[EventDate "2012.09.09"]
[EventType "team"]
[EventRounds "11"]
[EventCountry "GER"]
[SourceTitle "EXT 2015"]
[Source "ChessBase"]
[SourceDate "2014.11.20"]
[SourceVersion "1"]
[SourceVersionDate "2014.11.20"]
[SourceQuality "1"]
[WhiteTeam "Gruenfeld"]
[BlackTeam "Godesberg IV"]
[WhiteTeamCountry "GER"]
[BlackTeamCountry "GER"]

1. g3 Nf6 2. Bg2 d5 3. c4 g6 4. cxd5 Nxd5 5. Qb3 c6 6. Nc3 Nb6 7. Nf3 Bg7 8. 0-0 0-0 9. d4 Be6 10. Qc2 Na6 11. Rd1 Nb4 12. Qb1 Bf5 13. e4 Bg4 14. a3 Na6 15. Qd3 Qd7 16. Be3 Rad8 17. Qf1 Nc7 18. a4 Na6 19. a5 Nc8 20. Rd2 Bxf3 21. Bxf3 Qc7 22. h4 e6 23. h5 f5 24. hxg6 hxg6 25. d5 exd5 26. exd5 c5 27. d6 Nxd6 28. Bf4 Bd4 29. Bd5+ Kg7 30. Rxd4 cxd4 31. Qh3 Nf7 32. Bxc7 Nxc7 33. Bxf7 dxc3 34. Bb3 cxb2 35. Rb1 Rd2 36. Qg2 Rb8 37. Qf3 Nb5 38. Ba4 Re8 39. Rxb2 1-0

[Event "Mittelrhein Verbandsliga-O 1112"]
[Site "Germany"]
[Date "2012.02.26"]
[Round "7"]
[White "Elbers, Falk Michael"]
[Black "Leontiev, Oleg"]
[Result "1-0"]
[WhiteElo "1897"]
[BlackElo "1924"]
[PlyCount "101"]
[EventDate "2011.09.18"]
[EventType "team-tourn"]
[EventRounds "11"]
[EventCountry "GER"]
[SourceTitle "EXT 2013"]
[Source "ChessBase"]
[SourceDate "2012.11.22"]
[SourceVersion "1"]
[SourceVersionDate "2012.11.22"]
[SourceQuality "1"]
[WhiteTeam "Bruehl III"]
[BlackTeam "Godesberg IV"]
[WhiteTeamCountry "GER"]
[BlackTeamCountry "GER"]

1. e4 e6 2. d4 d5 3. e5 c5 4. c3 Qb6 5. Nf3 Nc6 6. a3 Bd7 7. b4 cxd4 8. cxd4 Nge7 9. Bb2 Nf5 10. g4 Nfe7 11. Qd2 h5 12. g5 Nf5 13. Bh3 Nce7 14. Nc3 g6 15. 0-0 Bg7 16. Rfb1 0-0 17. a4 Rfc8 18. b5 Qd8 19. Ba3 Bf8 20. Bf1 Ng7 21. Bd3 Nef5 22. Ne2 Be7 23. Bxe7 Qxe7 24. Qb4 Kf8 25. Kf1 Qxb4 26. Rxb4 Ne7 27. Ke1 Ke8 28. Kd2 Kd8 29. Ne1 Rc7 30. Nc2 Rac8 31. Rb2 Ngf5 32. Ne3 Nh4 33. Ng1 Nhf5 34. Nf3 Nxe3 35. fxe3 Nf5 36. Ne1 Ke7 37. Rc2 Rxc2+ 38. Bxc2 Kd8 39. Bd3 Be8 40. Ra3 Bd7 41. Ng2 Ne7 42. Nf4 a6 43. bxa6 bxa6 44. a5 Bb5 45. Bxb5 axb5 46. Rb3 Rb8 47. Nd3 Nc6 48. a6 Kc7 49. Nc5 Na7 50. Rb1 Rb6 51. Rf1 1-0

[Event "Mittelrhein Verbandsliga-O 1112"]
[Site "Germany"]
[Date "2011.11.13"]
[Round "3"]
[White "Leontiev, Oleg"]
[Black "Pesch, Karl"]
[Result "1/2-1/2"]
[WhiteElo "1924"]
[BlackElo "1783"]
[PlyCount "116"]
[EventDate "2011.09.18"]
[EventType "team-tourn"]
[EventRounds "11"]
[EventCountry "GER"]
[SourceTitle "EXT 2013"]
[Source "ChessBase"]
[SourceDate "2012.11.22"]
[SourceVersion "1"]
[SourceVersionDate "2012.11.22"]
[SourceQuality "1"]
[WhiteTeam "Godesberg IV"]
[BlackTeam "Rheinbacher SF"]
[WhiteTeamCountry "GER"]
[BlackTeamCountry "GER"]

1. d4 Nf6 2. Nf3 g6 3. g3 Bg7 4. Bg2 0-0 5. 0-0 d5 6. c4 c6 7. Nc3 Nbd7 8. cxd5 Nxd5 9. e4 Nxc3 10. bxc3 Nf6 11. Qe2 Qa5 12. Bd2 Qa4 13. Rfb1 b6 14. Rb4 Qa6 15. Qe1 Bd7 16. Ne5 Rad8 17. Be3 Qc8 18. a4 Ng4 19. Nxd7 Qxd7 20. Bh3 f5 21. exf5 gxf5 22. Bg5 Rde8 23. Qd1 e5 24. Bxg4 fxg4 25. dxe5 Qxd1+ 26. Rxd1 Rxe5 27. Bf4 Rd5 28. Rxd5 cxd5 29. Rb5 Rd8 30. a5 bxa5 31. Rxa5 Bxc3 32. Rxa7 Bg7 33. Kf1 d4 34. Ke2 Rc8 35. Bc7 Re8+ 36. Kd3 Rf8 37. Ra2 Rf3+ 38. Ke4 Rf8 39. Bb6 Re8+ 40. Kd3 Re1 41. Re2 Rb1 42. Bc7 Rb3+ 43. Ke4 Rb5 44. Rd2 Kf7 45. Ra2 Ke6 46. Bf4 Rc5 47. Ra6+ Kf7 48. Ra7+ Kg6 49. Rc7 Rb5 50. Rc6+ Kf7 51. Bc1 Rb3 52. Rc2 Rc3 53. Rxc3 dxc3 54. Kd3 Ke6 55. Ba3 Kd5 56. Bb4 Bd4 57. Bxc3 Bxf2 58. Ke2 Bg1 1/2-1/2

[Event "Novokuznetsk op"]
[Site "Novokuznetsk"]
[Date "2011.08.19"]
[Round "9"]
[White "Krenev, Daniil"]
[Black "Leontiev, Oleg"]
[Result "1/2-1/2"]
[WhiteElo "1720"]
[BlackElo "1849"]
[PlyCount "34"]
[EventDate "2011.08.11"]
[EventType "swiss"]
[EventRounds "9"]
[EventCountry "RUS"]
[SourceTitle "CBM 144 Extra"]
[Source "ChessBase"]
[SourceDate "2011.10.28"]
[SourceVersion "1"]
[SourceVersionDate "2011.10.28"]
[SourceQuality "1"]

1. e4 c5 2. Nf3 d6 3. d4 cxd4 4. Nxd4 Nf6 5. Nc3 g6 6. f3 Bg7 7. Be3 Nc6 8. Qd2 Bd7 9. 0-0-0 h5 10. h4 a6 11. Nxc6 bxc6 12. Bd4 c5 13. Be3 Rb8 14. b3 Qa5 15. Na4 Qxa4 16. bxa4 Nxe4 17. fxe4 Bb2+ 1/2-1/2

[Event "Novokuznetsk op"]
[Site "Novokuznetsk"]
[Date "2011.08.11"]
[Round "1"]
[White "Puraev, Artemiy"]
[Black "Leontiev, Oleg"]
[Result "1-0"]
[WhiteElo "2220"]
[BlackElo "1849"]
[PlyCount "45"]
[EventDate "2011.08.11"]
[EventType "swiss"]
[EventRounds "9"]
[EventCountry "RUS"]
[SourceTitle "CBM 144 Extra"]
[Source "ChessBase"]
[SourceDate "2011.10.28"]
[SourceVersion "1"]
[SourceVersionDate "2011.10.28"]
[SourceQuality "1"]

1. d4 Nf6 2. Nf3 e6 3. e3 c5 4. Bd3 d5 5. c3 Nbd7 6. 0-0 b6 7. Nbd2 Bb7 8. Qe2 Bd6 9. e4 dxe4 10. Nxe4 Nxe4 11. Bxe4 Bxe4 12. Qxe4 0-0 13. Bg5 Qc7 14. Rfd1 cxd4 15. Qxd4 Bc5 16. Qxd7 Qxd7 17. Rxd7 f6 18. Be3 Rad8 19. Rad1 Be7 20. Rxd8 Rxd8 21. Rxd8+ Bxd8 22. Nd4 Bc7 23. Nxe6 1-0